000 01287nam0a22002531 4500
001 rc\3052590
005 20250806202358.0
035 _a(NLR Aleph) 007191939
090 _a46547
_c46547
100 _a20111011g1945 u y0rusy50 ca
101 0 _arus
102 _aRU
105 _ay z |||||
200 1 _aСборник трудов
_eТ. 1 -
_fМ-во лес. и бум. пром. СССР. Гл. упр. гидролизной пром. Всесоюз. науч.-исслед. ин-т гидролизной и сульфитно-спиртовой пром. (ВНИИГС)
210 _aМосква
_aЛенинград
_cГослесбумиздат
_d1945-
300 _aПеречень имеющихся в библиотеке томов, номеров, годов этого издания смотри в каталоге периодических изданий
710 0 2 _aНаучно-исследовательский институт гидролизной и сульфитно-спиртовой промышленности
_eЛенинград
801 0 _aRU
_bNLR
_gpsbo
801 1 _aRU
_bELAR
_2rusmarc
852 _aNLR
_jП10/949
942 _cBOOK
945 _aРоссийская национальная библиотека
980 _aNB
980 _aBV